书目信息 |
| 题名: |
阿拉善生态环境的恶化与社会文化的变迁
|
|
| 作者: | 刘魁立 , 高丙中 主编 ;马强 , 仲林 著 | |
| 分册: | ||
| 出版信息: | 北京 学苑出版社 2007.07 |
|
| 页数: | 167页 | |
| 开本: | 24cm | |
| 丛书名: | ||
| 单 册: | ||
| 中图分类: | K280.264 | |
| 科图分类: | ||
| 主题词: | 民族志--min zu zhi--研究--阿拉善左旗 | |
| 电子资源: | ||
| ISBN: | 978-7-5077-2897-2 | |
| 000 | 01163nam0 2200277 450 | |
| 001 | 012008254649 | |
| 005 | 20080423094837.14 | |
| 010 | @a978-7-5077-2897-2@dCNY30.00 | |
| 100 | @a20080423d2007 em y0chiy0120 ea | |
| 101 | 0 | @achi |
| 102 | @aCN@b110000 | |
| 105 | @aa a 000yy | |
| 106 | @ar | |
| 200 | 1 | @a阿拉善生态环境的恶化与社会文化的变迁@Aa la shan sheng tai huan jing de e hua yu she hui wen hua de bian qian@f刘魁立, 高丙中主编@Fliu kui li,gao bing zhong zhu bian@g马强, 仲林等著@Gma qiang,zhong lin deng zhu |
| 210 | @a北京@c学苑出版社@d2007.07 | |
| 215 | @a167页@c图@d24cm | |
| 320 | @a有书目 (第163-167页) | |
| 330 | @a本书是关于造成内蒙古阿拉善地区的生态变化的社会文化因素如何发挥作用的调查报告。这些报告包含的历史叙事是草原公地成为环境公共物品的过程,也是一个相对自给自足的地方逐渐在各个方面和远方的他人联系起来构成新的“社区”的过程。 | |
| 606 | 0 | @a民族志@Amin zu zhi@x研究@y阿拉善左旗 |
| 690 | @aK280.264@v4 | |
| 701 | 0 | @a刘魁立@Aliu kui li@4主编 |
| 701 | 0 | @a高丙中@Agao bing zhong@4主编 |
| 702 | 0 | @a马强@Ama qiang@4著 |
| 702 | 0 | @a仲林@Azhong lin@4著 |
| 801 | 0 | @aCN@bQSSK@c20080423 |
| 905 | @b296421-23@dK280.264@eL643@f3 | |
| 阿拉善生态环境的恶化与社会文化的变迁/刘魁立, 高丙中主编/马强, 仲林等著.-北京:学苑出版社,2007.07 |
| 167页:图;24cm |
| ISBN 978-7-5077-2897-2:CNY30.00 |
| 本书是关于造成内蒙古阿拉善地区的生态变化的社会文化因素如何发挥作用的调查报告。这些报告包含的历史叙事是草原公地成为环境公共物品的过程,也是一个相对自给自足的地方逐渐在各个方面和远方的他人联系起来构成新的“社区”的过程。 |
| ● |
| 相关链接 |
|
|
|
正题名:阿拉善生态环境的恶化与社会文化的变迁
索取号:K280.264/L643
 
预约/预借
| 序号 | 登录号 | 条形码 | 馆藏地/架位号 | 状态 | 备注 |
| 1 | 296421 | 202964211 | 社科库309/309社科库 37排6列5层/ [索取号:K280.264/L643] | 在馆 | |
| 2 | 296422 | 202964220 | 社科库309/309社科库 37排6列5层/ [索取号:K280.264/L643] | 在馆 | |
| 3 | 296423 | 202964239 | 社科库309/309社科库 37排6列5层/ [索取号:K280.264/L643] | 在馆 |